Statistics for Megacities on Islands

Click here to take the quiz!

General Stats

  • This quiz has been taken 188 times
  • The average score is 5 of 6

Answer Stats

PopulationCountryMegacity% Correct
39.8 milJapanTokyo
98%
28.9 milIndonesiaJakarta
96%
14.5 milUnited KingdomLondon
86%
24.1 milPhilippinesManila
85%
17.8 milJapanOsaka
82%
10.5 milJapanNagoya
62%

Score Distribution

Percentile by Number Answered

Percent of People with Each Score

Your Score History

You have not taken this quiz